Tratado del socorro de los pobres / (Record no. 141281)

MARC details
000 -LEADER
campo de control de longitud fija 00799nam a2200205 i 4500
001 - NÚMERO DE CONTROL
campo de control 141281
003 - IDENTIFICADOR DE NÚMERO DE CONTROL
campo de control ES-MaACL
005 - FECHA Y HORA DE LA ÚLTIMA TRANSACCIÓN
campo de control 20250823063109.0
007 - CAMPO FIJO DE DESCRIPCIÓN FÍSICA--INFORMACIÓN GENERAL
campo de control de longitud fija t|
008 - DATOS DE LONGITUD FIJA--INFORMACIÓN GENERAL
campo de control de longitud fija 070920s1942 sp ||||1| spa d
100 1# - ENTRADA PRINCIPAL--NOMBRE DE PERSONA
Nombre de persona Vives, Juan Luis,
Fechas asociadas al nombre 1492-1540
9 (RLIN) 115574
245 10 - MENCIÓN DEL TÍTULO
Título Tratado del socorro de los pobres /
Mención de responsabilidad, etc. Juan Luis Vives ; [traducción revisada por Amigos de Luis Vives].
260 ## - PUBLICACIÓN, DISTRIBUCIÓN, ETC.
Lugar de publicación, distribución, etc. Valencia :
Nombre del editor, distribuidor, etc. Universidad, Facultad de Filosofía y Letras, Cátedra de Luis Vives,
Fecha de publicación, distribución, etc. 1942.
300 ## - DESCRIPCIÓN FÍSICA
Extensión LVIII, 205 p. :
Otras características físicas 1 retr. autor ;
Dimensiones 28 cm.
650 #4 - PUNTO DE ACCESO ADICIONAL DE MATERIA--TÉRMINO DE MATERIA
Término de materia o nombre geográfico como elemento de entrada Beneficencia-
Subdivisión de forma Obras anteriores a 1800.
9 (RLIN) 158700
710 2# - ENTRADA AGREGADA--NOMBRE DE ENTIDAD CORPORATIVA
Nombre de entidad corporativa o nombre de jurisdicción como elemento de entrada Universidad de Valencia.
Unidad subordinada Cátedra de Luis Vives.
9 (RLIN) 7316
710 2# - ENTRADA AGREGADA--NOMBRE DE ENTIDAD CORPORATIVA
Nombre de entidad corporativa o nombre de jurisdicción como elemento de entrada Amigos de Luis Vives.
9 (RLIN) 1385
852 ## - LOCALIZACIÓN
Ubicación ES-MaACL
Número de control de estantería C-12863
Sublocalización o colección R.22332
Holdings
Estatus retirado Estado de pérdida Estado de daño No para préstamo Biblioteca de origen Biblioteca actual Ubicación en estantería Fecha de adquisición Fuente de adquisición Total de préstamos Signatura topográfica completa Código de barras Visto por última vez Precio de reemplazo Tipo de ítem Koha
        Biblioteca del Ateneo de Madrid Biblioteca del Ateneo de Madrid Sala Palomar 17/01/2008     C-12863 1147007 23/02/2023 23/02/2023 Libro impreso